| 000 | 00626nam a22002057a 4500 | ||
|---|---|---|---|
| 005 | 20251108171816.0 | ||
| 008 | 250721s1980 xx 000 0 ara d | ||
| 082 | 1 | 4 | _aط/568.19/دوج |
| 100 | 1 | _aدوجلاس، كولن | |
| 245 | 1 | 0 | _aالدينوصورات / |
| 264 | 1 |
_aبيروت : _bمكتبة لبنان، _c1980. |
|
| 300 | _a51ص. | ||
| 490 | 0 | _aسلسلة الكتب الرائدة ؛ 21 | |
| 650 | 1 | 7 | _aالحيوانات |
| 650 | 1 | 7 | _aالدينوصورات |
| 653 | _aناشئون صغار ( 10 -14 سنة ) | ||
| 700 | 1 |
_aغالي، وجدي رزق _eترجمة |
|
| 942 |
_2ddc _cBK |
||
| 999 |
_c63119 _d63119 |
||